1780 1402 1285 1477 1473 1066 1618 1748 1274 1497 1363 1096 1380 1619 1510 1245 1706 1390 1527 1350 1632 1939 1683 1164 1848 1147 1325 1260 1978 1422 1066 1776 1315 1763 1032 1843 1529 1915 1468 1168 1740 1527 1558 1771 1667 1021 1861 1505 1964 1017 1380 1660 1642 1121 1653 1425 1605 1459 1740 1698 1422 1140 1518 1458 1914 1477 1336 1203 1711 1086 1613 1758 1464 1380 1447 1611 1799 1151 1397 1798 1085 1604 1411 1399 1131 1486 1999 1963 1461 1667 1422 1777 1029 1537 1539 1737 1609 1046 1148 BCNSPRNW ULIB Ver.6.0+V

เปลี่ยนเป็นภาษาไทย

Change to English
 แสดงรายละเอียดบรรณานุกรม
  กลับหน้าหลัก

Brief Record : Get Marc (ISO 2709) : E-mail record : QR code < ปิดหน้าต่าง
LEADER : 00000nam 2200000uu 4500
001    13399112193
003     ULIB
008    110729s2543||||th 000 0 tha d
020    9748585794
020    9789448585796
040    cl
050  4 HD38.2^bช484ท 2543
100 0  ชาญชัย อาจินสมาจาร
245 10 ทักษะภาวะผู้นำ /^cชาญชัย อาจินสมาจาร
250    พิมพ์ครั้งที่ 1
260    กรุงเทพฯ :^bเอ็กซเปอร์เน็ท,^c2543
300    90 หน้า ;^c21 ซม.
440  0 หนังสือชุดพัฒนาทรัพยากรบุคคล
650  7 การบริหาร
650  7 ภาวะผู้นำ
650  7 ทักษะผู้นำ
945    ^p125^l0^i012524
945    ^p125^l0^i012525
945    ^p125^l0^i012526
945    ^p125^l0^i012527
945    ^p125^l0^i012528
995    ทศพร
999 ^a ทศพร
รายการนี้ยังไม่มีแท็ก
คุณยังไม่ได้ล็อกอิน คุณสามารถมีกิจกรรมร่วมกับเว็บไซต์ได้ แต่ต้องล็อกอินก่อน ::
  ล็อกอิน

รายการสื่อสารสนเทศ

ลำดับที่ ประเภท เลขเรียก/บาร์โค้ด สถานที่ สถานะ
- ไม่พบข้อมูล -

รายการใกล้เคียง
    ผู้แต่ง [ชาญชัย อาจินสมาจาร]

    หัวเรื่อง [การบริหาร]
    หัวเรื่อง [ภาวะผู้นำ]

BibComment


ยังไม่เคยถูกคอมเมนท์

คอมเมนท์ทรัพยากรรายการนี้
  คอมเมนท์: ทักษะภาวะผู้นำ ช..


 Copyright 2026. Bcnsprnw @Library